Bibliografia Polska 1901-1939 Tom 10, Gos - Gz

Bibliographic Details
Format: Book
Language:Polish
PhysicalDescription:vii, 742 s. 24 cm
Published: Warszawa Biblioteka Narodowa 2009
ISBN:9788370097219 (viaz. : T. 10)
8304018993 (súbor)
Subjects:

MARC

LEADER 00000nam a2200000 a 4500
001 vtls009624651
003 SK-MaSNL
005 20260301130119.0
008 090706s2009 pl g b 001 0 pol
020 |a 9788370097219 (viaz. : T. 10) 
020 |a 8304018993 (súbor) 
040 |a SNK  |b slo  |c SNK  |e AACR2 
041 0 |a pol 
043 |a e-pl--- 
044 |a pl  |c PL 
072 7 |a 94(430/439)  |x Dejiny krajín strednej Európy  |2 konspekt 
072 7 |a 01  |x Bibliografia. Katalógy  |2 konspekt 
080 |a 015(438)  |2 2001 
080 |a 002.2(=162.1)+908(438)  |2 2001 
080 |a 08/09  |2 2001 
080 |a 050+070.48  |2 2001 
080 |a (438)  |2 2001 
080 |a (083.8)  |2 2001 
080 |a (01)  |2 2001 
245 0 0 |a Bibliografia Polska 1901-1939  |n Tom 10, Gos - Gz  |c redaktorzy tomu: Ewa Dombek, Hanna Machnik, Elżbieta Sterzycka 
246 1 1 |a Polish bibliography 1901-1939 
246 1 1 |a Bibliographie Polonaise 1901-1939 
246 1 1 |a Polnische Bibliographie 1901-1939 
246 1 1 |a Pol'skaja bibliografija 1901-1939 
260 |a Warszawa  |b Biblioteka Narodowa  |c 2009 
300 |a vii, 742 s.  |c 24 cm 
500 |a Rozlož. tit. s. 
500 |a Obsahuje reg. 
648 7 |a 20. stor.  |2 SNKPH  |9 275975 
650 0 7 |a poľská národná bibliografia  |2 SNKPH  |9 66682 
650 0 7 |a poloniká  |2 SNKPH  |9 78535 
650 0 7 |a knihy  |2 SNKPH  |9 19731 
650 0 7 |a periodiká  |2 SNKPH  |9 1414 
651 7 |a Poľsko  |2 SNKPH  |9 16755 
655 7 |a registre  |2 SNKPH  |9 70556 
655 7 |a bibliografie  |2 SNKPH  |9 28668 
700 1 |a Dombek, Ewa  |4 red  |9 477099 
700 1 |a Machnik, Hanna  |4 red  |9 336621 
700 1 |a Sterzycka, Elżbieta  |4 red  |9 314138 
919 |a 978-83-7009-721-9 
919 |a 83-04-01899-3 
999 |c 744481  |d 746411 
952 |a SNK  |b SNK  |y VYP  |7 0  |p 17A0627683  |o snkIC 105402/10  |i snk2009/14235  |8 2  |g 24.89  |0 0  |1 0  |4 0  |d 2009-07-06  |l 0  |r 2026-02-23 23:12:07  |w 2026-02-23